| Поле | Название | Значение |
| |
Тип записи |
a |
| |
Библиографический уровень |
m |
| 001 |
Контрольный номер |
d0ad2f45036a4ff98ed6d66c6e78d016 |
| 005 |
Дата корректировки |
20140730140939.8 |
| 010 |
Индекс ISBN |
__ |
| a |
ISBN |
5-89563-008-1 |
| 200 |
Заглавие и сведения об ответственности |
1_ |
| a |
Заглавие |
Эффективная реклама |
| e |
Сведения, относящиеся к заглавию |
Путеводитель для малого бизнеса;Пер.с англ. |
| f |
Первые сведения об ответственности |
Картер Гарри |
| 210 |
Выходные данные |
1_ |
| a |
Место издания |
М. |
| c |
Издательство |
Бизнес-Информ |
| d |
Дата издания |
2000 |
| 215 |
Физическое описание |
__ |
| a |
Объем |
243 с. |
| 300 |
Общие примечания |
__ |
| a |
Общие примечания |
4экз. |
| 610 |
Ключевые слова |
0_ |
| a |
Ключевые слова |
реклама |
| 610 |
Ключевые слова |
0_ |
| a |
Ключевые слова |
рекламный бизнес |
| 610 |
Ключевые слова |
0_ |
| a |
Ключевые слова |
рекламная продукция |
| 610 |
Ключевые слова |
0_ |
| a |
Ключевые слова |
рекламные агенства |
| 686 |
Индексы других классификаций |
__ |
| a |
Классификационный индекс |
65.9(2)421 |
| 2 |
Код системы |
rubbk |
| 686 |
Индексы других классификаций |
__ |
| a |
Классификационный индекс |
65.9(2)421-803.8 |
| 2 |
Код системы |
rubbk |
| 700 |
Автор |
_1 |
| a |
Фамилия |
Картер Гарри |
| 801 |
Источник записи |
_0 |
| a |
Страна |
RU |
| b |
Организация |
РУК |
| c |
Дата составления |
20020326 |
| g |
Правила каталогизации |
PSBO |
| 801 |
Источник записи |
_1 |
| a |
Страна |
RU |
| b |
Организация |
РУК |
| c |
Дата составления |
20020326 |
| g |
Правила каталогизации |
PSBO |
| 852 |
Данные о местонахождении |
__ |
| i |
Авторский знак |
К27 |
| j |
Шифр хранения |
ББК 65.9(2)421 |
| 901 |
Тип документа |
__ |
| t |
Тип документа |
m |
| 938 |
Служебная информация |
__ |
| a |
Название организации |
Головной вуз |
| b |
Имя БД |
BOOK |
| c |
Название АИБС |
АИБС ИРБИС |